|
|
|
|
| LEADER |
00000cas a2200000 a 4500 |
| 001 |
vtls010300304 |
| 003 |
SK-MaSNL |
| 005 |
20260228163021.0 |
| 008 |
110810d19401944xo zx ne 0 b0rus |
| 040 |
|
|
|a SNK
|b slo
|c SNK
|e AACR2
|
| 041 |
0 |
|
|a rus
|
| 044 |
|
|
|a xo
|c SK
|
| 072 |
|
7 |
|a 316.7
|x Sociológia kultúry. Kultúrny život
|2 konspekt
|
| 072 |
|
7 |
|a 32
|x Politika
|2 konspekt
|
| 080 |
|
|
|a 316.728
|2 2011
|
| 080 |
|
|
|a 050
|2 2001
|
| 080 |
|
|
|a (051)+(054)(437.6)
|2 2011
|
| 080 |
|
|
|a 32
|2 2011
|
| 245 |
0 |
0 |
|a Novoje Vremja
|b političesko-kuľturnyj ježenedeľnik
|
| 246 |
1 |
3 |
|a Novoje vremia
|
| 260 |
|
|
|a Medzilaborce
|b Boňko a spol.
|c 1940-1944
|
| 300 |
|
|
|a 5 zv.
|c 47 cm
|
| 310 |
|
|
|a Premenlivá periodicita
|
| 362 |
0 |
|
|a T. I, no. 1 (14.12.1940)-t. V, no. 14 (29.7.1944)
|
| 500 |
|
|
|a Zmena podnázvu: od r. 1942 kuľturno-političeskij ježenedeľnik
|
| 500 |
|
|
|a Zodp. red.: Gabriel Iv. Mlinarič
|
| 525 |
|
|
|a Príloha pre mládež: Junošestvo
|
| 650 |
0 |
7 |
|a spoločenský život
|2 SNKPH
|9 28654
|
| 650 |
0 |
7 |
|a politika
|2 SNKPH
|9 968
|
| 650 |
0 |
7 |
|a kultúra
|2 SNKPH
|9 886
|
| 655 |
|
7 |
|a regionálne periodiká
|2 SNKPH
|9 131775
|
| 700 |
1 |
|
|a Mlinarič, Gabriel Iv.
|4 Iso
|9 272783
|
| 710 |
|
|
|a Kníhtlačiareň "Sv. Nikolaja" ( Prešov, Slovensko)
|4 prt
|9 272784
|
| 770 |
0 |
0 |
|t Junošestvo
|w vtls010300149
|
| 910 |
|
|
|a snk
|
| 916 |
|
|
|a 1940, 1942-1944
|
| 999 |
|
|
|c 8732
|d 10662
|
| 952 |
|
|
|0 0
|1 0
|4 0
|7 0
|8 1
|a SNK
|b SNK
|d 2003-02-05
|f 1
|i snkČSD 80/57
|l 0
|o snkČSA 432/1/1940
|p 17A0368766
|r 2005-01-02 00:00:00
|t č. 1-2
|w 2026-02-21
|y PREZ
|z Č. 2/1940 má časť textu opačne
|
| 952 |
|
|
|0 0
|1 0
|4 0
|7 0
|8 5
|a SNK
|b SNK
|d 2008-10-08
|i snkF 995/68
|l 0
|o snkČSA 432/3/1942 D1
|p 17A0588006
|r 2026-02-21 20:49:41
|w 2026-02-21
|y PREZ
|
| 952 |
|
|
|0 0
|1 0
|4 0
|7 0
|8 5
|a SNK
|b SNK
|d 2008-10-08
|i snkF 996/68
|l 0
|o snkČSA 432/4/1943 D1
|p 17A0597412
|r 2026-02-21 20:49:41
|w 2026-02-21
|y PREZ
|
| 952 |
|
|
|0 0
|1 0
|4 0
|7 0
|8 5
|a SNK
|b SNK
|d 2003-02-05
|f 1
|i snkF 994/68
|l 0
|o snkČSA 432/4/1943
|p 17A0370898
|r 2005-01-02 00:00:00
|t č. 1-26
|w 2026-02-21
|y PREZ
|
| 952 |
|
|
|0 0
|1 0
|4 0
|7 0
|8 1
|a SNK
|b SNK
|d 2003-02-05
|f 1
|i snkČSD 81/57
|l 0
|o snkČSA 432/5/1944
|p 17A0370972
|r 2005-01-02 00:00:00
|t č. 1-14
|w 2026-02-21
|y PREZ
|
| 952 |
|
|
|0 0
|1 0
|4 0
|7 0
|8 5
|a SNK
|b SNK
|d 2003-02-05
|f 1
|i snkXI. 371/55
|l 0
|o snkČSA 432/3/1942
|p 17A0370897
|r 2005-01-02 00:00:00
|t č. 1-37
|w 2026-02-21
|y PREZ
|